Journey through time (Record no. 18988)

MARC details
000 -LEADER
fixed length control field 00495nam a2200181Ia 4500
003 - CONTROL NUMBER IDENTIFIER
control field IN-BaIIA
008 - FIXED-LENGTH DATA ELEMENTS--GENERAL INFORMATION
fixed length control field 211028s9999 xx 000 0 eng d
020 ## - INTERNATIONAL STANDARD BOOK NUMBER
International Standard Book Number 978-81-7655-970-6
040 ## - CATALOGING SOURCE
Transcribing agency IIA Library
080 ## - UNIVERSAL DECIMAL CLASSIFICATION NUMBER
Universal Decimal Classification number 529.3
Item number PAL
100 ## - MAIN ENTRY--PERSONAL NAME
Personal name Pal, Palash Baran
9 (RLIN) 36247
245 #0 - TITLE STATEMENT
Title Journey through time
Remainder of title a history of dates and years
Statement of responsibility, etc. Palash Baran Pal
250 ## - EDITION STATEMENT
Edition statement Rev. rep.
260 ## - PUBLICATION, DISTRIBUTION, ETC.
Place of publication, distribution, etc. New York
Name of publisher, distributor, etc. Scholastic
Date of publication, distribution, etc. 2008
300 ## - PHYSICAL DESCRIPTION
Extent [various pagings.]
650 ## - SUBJECT ADDED ENTRY--TOPICAL TERM
Topical term or geographic name entry element Time
9 (RLIN) 2741
942 ## - ADDED ENTRY ELEMENTS (KOHA)
Koha item type Books
Holdings
Withdrawn status Lost status Damaged status Not for loan Home library Current library Shelving location Date acquired Source of acquisition Cost, normal purchase price Total Checkouts Full call number Barcode Date last seen Date last checked out Cost, replacement price Price effective from Koha item type Purchase Price
        IIA Library-Bangalore IIA Library-Bangalore General Stacks 02/03/2015 EDS 1989.00 1 529.3/ PAL 19910 05/08/2022 08/12/2021 1989.00 02/03/2015 Books Rs. 1989.00

Powered by Koha